College Quizbowl Stats
College Quizbowl Stats
Circuits
Seasons
Sets
Records
Detailed Stats
About
Loading...
2024 Booster Shot (Vanderbilt)
Tossups
Bonuses
Players
Teams
Categories (Tossup)
Categories (Bonus)
Allie Bennett
Belmont University A
Categories
Category
Powers
Gets
Negs
BBs
Points
Earliest Buzz
Avg. Buzz
First Buzzes
Top 3 Buzzes
Fine Arts - Other Fine Arts
0
2
0
1
20
109
122.50
0
0
Religion
0
1
0
0
10
70
70.00
1
1
Science - Biology
0
1
1
0
5
105
105.00
0
1
Social Science
0
0
0
0
0
0.00
0
0
Buzzes
Category
Answer
Value
Buzz Position
Science - Biology
DNA sequences
-5
58
Religion
bar mitzvahs
10
70
Science - Biology
phosphorylation
10
105
Fine Arts - Other Fine Arts
kimono
10
109
Science - Biology
p53
0
110
Social Science
Marshall McLuhan
0
129
Fine Arts - Other Fine Arts
houses
10
136
Previous
1
Next